Hands-On Dependency Injection in Go /

Explore various dependency injection methods in Go such as monkey patching, constructor injection, and method injection Key Features Learn to evaluate Code UX and make it better Explore SOLID principles and understand how they relate to dependency injection Use Google's wire framework to simpli...

Full description

Bibliographic Details
Main Author: Scott, Corey (Author)
Corporate Author: Safari, an O'Reilly Media Company
Format: eBook
Language:English
Published: Packt Publishing, 2018.
Edition:1st edition.
Subjects:
Online Access:Connect to this electronic resource

MARC

Tag First Indicator Second Indicator Subfields
LEADER 00000uam a2200000 a 4500
001 in00004136557
005 20260128204351.4
006 m o d
007 cr cn
008 181218s2018 xx o eng
020 |z 9781789132762 
020 |z 9781789131758 
035 |a (CaSebORM)9781789132762 
040 |d UtOrBLW 
041 0 |a eng 
100 1 |a Scott, Corey,  |e author. 
245 1 0 |a Hands-On Dependency Injection in Go /  |c Scott, Corey. 
250 |a 1st edition. 
264 1 |b Packt Publishing,  |c 2018. 
300 |a 1 online resource (346 pages) 
336 |a text  |b txt  |2 rdacontent 
337 |a computer  |b c  |2 rdamedia 
338 |a online resource  |b cr  |2 rdacarrier 
347 |a text file 
520 |a Explore various dependency injection methods in Go such as monkey patching, constructor injection, and method injection Key Features Learn to evaluate Code UX and make it better Explore SOLID principles and understand how they relate to dependency injection Use Google's wire framework to simplify dependence management Book Description Hands-On Dependency Injection in Go takes you on a journey, teaching you about refactoring existing code to adopt dependency injection (DI) using various methods available in Go. Of the six methods introduced in this book, some are conventional, such as constructor or method injection, and some unconventional, such as just-in-time or config injection. Each method is explained in detail, focusing on their strengths and weaknesses, and is followed with a step-by-step example of how to apply it. With plenty of examples, you will learn how to leverage DI to transform code into something simple and flexible. You will also discover how to generate and leverage the dependency graph to spot and eliminate issues. Throughout the book, you will learn to leverage DI in combination with test stubs and mocks to test otherwise tricky or impossible scenarios. Hands-On Dependency Injection in Go takes a pragmatic approach and focuses heavily on the code, user experience, and how to achieve long-term benefits through incremental changes. By the end of this book, you will have produced clean code that's easy to test. What you will learn Understand the benefits of DI Explore SOLID design principles and how they relate to Go Analyze various dependency injection patterns available in Go Leverage DI to produce high-quality, loosely coupled Go code Refactor existing Go code to adopt DI Discover tools to improve your code's testability and test coverage Generate and interpret Go dependency graphs Who this book is for Hands-On Dependency Injection in Go is for programmers with a few year s experience in any language and a basic understanding of Go. If you wish to produce clean, loosely coupled code that is inherently easier to test, this book is for you. 
533 |a Electronic reproduction.  |b Boston, MA :  |c Safari,  |n Available via World Wide Web.  |d 2018. 
538 |a Mode of access: World Wide Web. 
542 |f Copyright © Packt Publishing  |g 2018 
588 |a Online resource; Title from title page (viewed November 27, 2018) 
500 |a Electronic resource. 
655 7 |a Electronic books.  |2 local 
710 2 |a Safari, an O'Reilly Media Company. 
856 4 0 |u https://proxy.library.tamu.edu/login?url=https://go.oreilly.com/TAMU/library/view/-/9781789132762/?ar  |z Connect to this electronic resource  |t 0 
999 f f |s 1079fef8-770d-3093-9239-7cb3bdf02647  |i c54b2956-3c32-379e-bd5b-e8580fd94306  |t 0 
952 f f |a Texas A&M University  |b College Station  |c Electronic Resources  |s www_evans  |d Available Online  |t 0  |h No information provided 
998 f f |t 0  |l Available Online